शेर का हौदा / (Record no. 54690)

MARC details
000 -LEADER
fixed length control field 02291nam a22003257a 4500
005 - DATE AND TIME OF LATEST TRANSACTION
control field 20110802140440.0
010 ## - LCCN (DPL NO)
LC control number B-436098-102
020 ## - INTERNATIONAL STANDARD BOOK NUMBER
Terms of availability 15.00
International Standard Book Number 8182634202
035 ## - SYSTEM CONTROL NUMBER
System control number B-436098-102
037 ## - SOURCE OF ACQUISITION
Source of stock number/acquisition ब्लयूबेरी बुक्स
082 ## - DEWEY DECIMAL CLASSIFICATION NUMBER
Classification number
100 ## - MAIN ENTRY--PERSONAL NAME
Personal name गोस्वामी, अमर
245 ## - TITLE STATEMENT
Title शेर का हौदा /
Statement of responsibility, etc अमर गोस्वामी; पार्थो सेनगुप्ता द्वारा चित्रांकित
246 ## - VARYING FORM OF TITLE
Title proper/short title Sher ka hauda
Remainder of title by Amar Goswami
250 ## - EDITION STATEMENT
Edition statement 2रा हिन्दी संस्क.
260 ## - PUBLICATION, DISTRIBUTION, ETC. (IMPRINT)
Place of publication, distribution, etc नई दिल्ली
Name of publisher, distributor, etc प्रथम बुक्स
Date of publication, distribution, etc 2010
270 ## - ADDRESS
City नई दिल्ली
Telephone number +911141042483
Fax number
Electronic mail address www.prathambooks.org
300 ## - PHYSICAL DESCRIPTION
Extent 8पृ.;
Dimensions 18x22सेमी (अजिल्द)
Other physical details सचित्र
490 ## - SERIES STATEMENT
Series statement
-- 31618
500 ## - GENERAL NOTE
General note
700 ## - ADDED ENTRY--PERSONAL NAME
Personal name सेनगुप्ता, पार्थो
9 (RLIN) 30772
710 ## - ADDED ENTRY--CORPORATE NAME
9 (RLIN) 30773
942 ## - ADDED ENTRY ELEMENTS (KOHA)
Source of classification or shelving scheme Dewey Decimal Classification
Item type Children Books
Call number suffix गोस्वामी
Classification part
Holdings
Withdrawn status Lost status Not for loan Collection code Home library Current library Date acquired Source of acquisition Cost, normal purchase price Full call number Barcode Copy number Cost, replacement price Koha item type Public note
      Fiction Central Library Central Library 08/08/2011 बल्यूबेरी/6364/25.3.2011/83/21.3.11/31.3.11 15.00 क गोस्वामी B-436098 1 15.00 Children Books  
  Written-off vide DLB M. No. 383 dt 16.05.19   Fiction Karol Bagh Karol Bagh 08/08/2011 बल्यूबेरी/6364/25.3.2011/83/21.3.11/31.3.11 15.00 क गोस्वामी B-436101 1 15.00 Children Books  
  Written-off vide DLB M. No. 383 dt 16.05.19   Fiction Patel Nagar Patel Nagar 08/08/2011 बल्यूबेरी/6364/25.3.2011/83/21.3.11/31.3.11 15.00 क गोस्वामी B-436099 1 15.00 Children Books  
      Fiction Sarojini Nagar Sarojini Nagar 08/08/2011 बल्यूबेरी/6364/25.3.2011/83/21.3.11/31.3.11 15.00 क गोस्वामी B-436100 1 15.00 Children Books Withdrawn List Prepared L.No.58/23
  Lost and Paid For   Fiction Shahdara Branch Shahdara Branch 08/08/2011 बल्यूबेरी/6364/25.3.2011/83/21.3.11/31.3.11 15.00 क गोस्वामी B-436102 1 15.00 Children Books  

© Delhi Public Library
Hit Counter
free hit counter